Polyfunkčná zóna Janíkov dvor

Gespeichert in:
Bibliographische Detailangaben
1. Verfasser: Sárosfai, Peter (Verfasst von)
Weitere Verfasser: Skoček, Iľja (Betreuung Doktorarbeit)
Format: Manuskript Buch
Sprache:Slowakisch
Veröffentlicht: 2022
Schlagworte:
Online-Zugang:http://is.stuba.sk/zp/portal_zp.pl?podrobnosti=162309
https://opac.crzp.sk/?fn=detailBiblioForm&sid=D9F0BB0A8DA9926980A894D31B33
Tags: Tag hinzufügen
Keine Tags, Fügen Sie das erste Tag hinzu!

MARC

LEADER 00000ntm a22000003a 4500
001 stuzp88912
003 SK-STU
005 20230509151838.0
007 ta
008 150427s2015----xo-----f-mn---000-0-slo-d
040 |a STU  |b slo 
041 0 |a slo 
100 1 |a Sárosfai, Peter  |u 010310  |4 aut  |U SvF Stavebná fakulta  |T SvF Katedra architektúry  |X 55087  |U V181|V310  |Y 19  |7 55087 
242 0 1 |a Polyfunctional area Janikov dvor  |y eng 
245 1 0 |a Polyfunkčná zóna Janíkov dvor 
260 |c 2022 
650 4 |a Polyfunkcia  |2 slo 
650 4 |a Janíkov dvor  |2 slo 
650 4 |a Park and ride  |2 slo 
650 4 |a Janíkov dvor  |2 eng 
650 4 |a Park and ride  |2 eng 
650 4 |a Polyfunctional  |2 eng 
700 1 |a Skoček, Iľja  |4 ths  |X 71168  |7 71168 
856 4 |u http://is.stuba.sk/zp/portal_zp.pl?podrobnosti=162309 
856 4 |u https://opac.crzp.sk/?fn=detailBiblioForm&sid=D9F0BB0A8DA9926980A894D31B33